Устройство для определения параметров продольных ветвей Т-образной схемы замещения однофазного трансформатора с ненагруженной третьей обмоткой в рабочем режиме

Bibliografiske detaljer
Hovedforfatter: Гольдштейн Е. И. Ефрем Иосифович
Institution som forfatter: Томский политехнический университет (ТПУ)
Andre forfattere: Панкратов А. В. Алексей Владимирович
Summary:опубл. 10.05.06
Изобретение относится к области электромеханики, а именно к применению средств обработки информации в электромеханике, и может быть использовано для определения параметров продольных звеньев схемы замещения (СЗ) однофазных трансформаторов.
Sprog:russisk
Udgivet:
Fag:
Online adgang:http://www1.fips.ru/Archive/PAT/2006FULL/2006.05.10/DOC/RUNWC1/000/000/002/276/376/document.pdf
Format: MixedMaterials Electronisk Bog
KOHA link:https://koha.lib.tpu.ru/cgi-bin/koha/opac-detail.pl?biblionumber=637964

MARC

LEADER 00000nlm0a2200000 4500
001 637964
005 20231101134004.0
029 1 0 |a RU  |b 2276376  |c Пат.  |d МПК G 01 R 27/02 
035 |a (RuTPU)RU\TPU\network\2165 
035 |a RU\TPU\network\2160 
039 0 |a RU  |b 2005104363/28  |c 20050217 
090 |a 637964 
100 |a 20141117j20060510k y0rusy50 ca 
101 0 |a rus 
102 |a RU 
105 |a a k 000zy 
135 |a drcn ---uucaa 
181 0 |a i  
182 0 |a b 
200 1 |a Устройство для определения параметров продольных ветвей Т-образной схемы замещения однофазного трансформатора с ненагруженной третьей обмоткой в рабочем режиме  |f Е. И. Гольдштейн, А. В. Панкратов  |g Национальный исследовательский Томский политехнический университет (ТПУ), Институт неразрушающего контроля (ИНК), Кафедра информационно-измерительной техники (ИИТ) ; Национальный исследовательский Томский политехнический университет (ТПУ), Энергетический институт (ЭНИН), Кафедра электрических сетей и электротехники (ЭСиЭ) 
203 |a Текст  |c электронный 
300 |a опубл. 10.05.06 
330 |a Изобретение относится к области электромеханики, а именно к применению средств обработки информации в электромеханике, и может быть использовано для определения параметров продольных звеньев схемы замещения (СЗ) однофазных трансформаторов. 
610 1 |a патенты 
610 1 |a труды учёных ТПУ 
610 1 |a электронный ресурс 
610 1 |a изобретения 
610 1 |a параметры 
610 1 |a продольные ветви 
610 1 |a замещение 
610 1 |a однофазные трансформаторы 
610 1 |a обмотки 
610 1 |a рабочие режимы 
610 1 |a электромеханика 
610 1 |a обработка информации 
610 1 |a схемы замещения 
700 1 |a Гольдштейн  |b Е. И.  |c специалист в области электроэнергетики  |c доцент Томского политехнического университета  |f 1929-  |g Ефрем Иосифович  |2 stltpush  |3 (RuTPU)RU\TPU\pers\25325 
701 1 |a Панкратов  |b А. В.  |c специалист в области электроэнергетики  |c ассистент Томского политехнического университета, кандидат технических наук  |f 1983-  |g Алексей Владимирович  |2 stltpush  |3 (RuTPU)RU\TPU\pers\32916 
712 0 2 |a Томский политехнический университет (ТПУ)  |c (1991-2009)  |2 stltpush  |3 (RuTPU)RU\TPU\col\376 
801 1 |a RU  |b 63413507  |c 20120201 
801 2 |a RU  |b 63413507  |c 20160607  |g RCR 
856 4 |u http://www1.fips.ru/Archive/PAT/2006FULL/2006.05.10/DOC/RUNWC1/000/000/002/276/376/document.pdf 
942 |c CF